[Event "1. Erfurter Frauengroßmeisterturnier"]
[Site "Erfurt"]
[Date "2010.07.03"]
[Round "4.3"]
[White "Endress, Anna"]
[Black "Dworakowska, Joanna"]
[Result "1/2-1/2"]
[WhiteElo "2161"]
[BlackElo "2338"]
[PlyCount "49"]
[EventDate "2010.??.??"]
[WhiteTeam "TSV Schott Mainz"]

1. e4 c5 2. Nf3 d6 3. d4 cxd4 4. Nxd4 Nf6 5. Nc3 a6 6. Bc4 e6 7. Bb3 Nbd7 8.
Bg5 Qa5 9. Qd2 Be7 10. O-O h6 11. Bf4 Nc5 12. Rfe1 e5 13. Nf5 Bxf5 14. exf5 Rc8
15. Rad1 Qb4 16. Bg3 O-O 17. f4 Rfd8 18. Kh1 Nxb3 19. axb3 exf4 20. Bxf4 d5 21.
Be5 Qh4 22. Bg3 Qb4 23. Be5 Qh4 24. Bg3 Qb4 25. Be5 1/2-1/2

[Event "1. Erfurter Frauengroßmeisterturnier"]
[Site "Erfurt"]
[Date "2010.07.03"]
[Round "4.2"]
[White "Troyke, Doreen"]
[Black "Levushkina, Elena"]
[Result "1-0"]
[WhiteElo "2087"]
[BlackElo "2345"]
[PlyCount "107"]
[EventDate "2010.??.??"]
[WhiteTeam "Erfurter Schachklub"]
[BlackTeam "SC Tarrasch 45 München"]

1. c4 Nf6 2. g3 g6 3. Bg2 Bg7 4. Nc3 O-O 5. Nf3 d6 6. O-O Nc6 7. d3 a6 8. Rb1
e5 9. b4 Nh5 10. e3 f5 11. Nd5 Ne7 12. Nxe7+ Qxe7 13. d4 Be6 14. Qe2 Bf7 15.
Bb2 c6 16. Rfe1 g5 17. c5 dxc5 18. bxc5 e4 19. Nd2 Nf6 20. Nc4 Qe6 21. Nb6 Rae8
22. a4 f4 23. exf4 gxf4 24. gxf4 Qf5 25. Nc4 Qxf4 26. Qe3 Qxe3 27. Nxe3 Bg6 28.
Bc3 Re7 29. Re2 Nh5 30. Reb2 Nf4 31. Bf1 Nd3 32. Rxb7 Rxb7 33. Rxb7 Rd8 34. Rc7
Bxd4 35. Bxd4 Rxd4 36. Rxc6 Rxa4 37. Rc8+ Kf7 38. c6 Ra1 39. Ra8 Rc1 40. Rxa6
Ne5 41. Ra7+ Ke6 42. c7 Kd6 43. Nc4+ Rxc4 44. Bxc4 Bf5 45. Ra5 Nf3+ 46. Kg2 Bd7
47. Ra7 Nd4 48. Ba6 Nc6 49. Rb7 Ne7 50. c8=Q Bxc8 51. Rxe7 Bxa6 52. Rxh7 Ke5
53. Rf7 Be2 54. Kg3 1-0

[Event "1. Erfurter Frauengroßmeisterturnier"]
[Site "Erfurt"]
[Date "2010.07.03"]
[Round "4.1"]
[White "Osmanodja, Filiz"]
[Black "Michna, Marta"]
[Result "0-1"]
[WhiteElo "2061"]
[BlackElo "2393"]
[PlyCount "114"]
[EventDate "2010.??.??"]
[WhiteTeam "USV TU Dresden"]
[BlackTeam "SK Norderstedt von 1975"]

1. e4 g6 2. d4 Bg7 3. Nc3 d6 4. Bg5 c6 5. Nf3 Bg4 6. Qd2 Nd7 7. O-O-O Qa5 8.
Kb1 b5 9. h3 Bxf3 10. gxf3 Nb6 11. f4 O-O-O 12. Qd3 Nc4 13. Qf3 Nxb2 14. Kxb2
Qb4+ 15. Ka1 Bxd4 16. Rxd4 Qxd4 17. Qe3 Qxe3 18. fxe3 f6 19. Bh4 e5 20. Be2 Rf8
21. Rf1 Nh6 22. Bg3 g5 23. f5 Nf7 24. Bh5 Nd8 25. Rd1 Nb7 26. Kb2 Kc7 27. Rd2
Nc5 28. Bf3 h5 29. Nd1 Rb8 30. Nf2 Rb6 31. Nd3 Na4+ 32. Kc1 a5 33. Be1 Ra6 34.
Rg2 Nb6 35. Nb2 Nd7 36. Nd3 Raa8 37. Bc3 c5 38. Be1 a4 39. a3 Nb6 40. Nb2 b4
41. Be2 g4 42. h4 d5 43. Nd3 Kc6 44. axb4 a3 45. Kb1 a2+ 46. Ka1 Nc4 47. exd5+
Kxd5 48. e4+ Kc6 49. Bf2 Na3 50. Bd1 c4 51. Nc5 Rhd8 52. Rg1 Rxd1+ 53. Rxd1
Nxc2+ 54. Kb2 a1=Q+ 55. Rxa1 Rxa1 56. Kxc2 Ra2+ 57. Kc3 Rxf2 0-1

[Event "1. Erfurter Frauengroßmeisterturnier"]
[Site "Erfurt"]
[Date "2010.07.03"]
[Round "3.4"]
[White "Dworakowska, Joanna"]
[Black "Troyke, Doreen"]
[Result "1-0"]
[WhiteElo "2338"]
[BlackElo "2087"]
[PlyCount "47"]
[EventDate "2010.??.??"]
[BlackTeam "Erfurter Schachklub"]

1. e4 c5 2. Nf3 d6 3. d4 cxd4 4. Nxd4 Nf6 5. Nc3 a6 6. Be2 e5 7. Nb3 Be6 8. f4
exf4 9. Bxf4 Nc6 10. O-O Be7 11. Qe1 O-O 12. Rd1 Qc7 13. Kh1 Ne5 14. Nd4 Rad8
15. Qg3 Kh8 16. Bg5 b5 17. a3 Qb7 18. Bxf6 Bxf6 19. Nd5 Bxd5 20. exd5 Rfe8 21.
Rf2 Rc8 22. Rxf6 gxf6 23. Nf5 Ng6 24. Qxd6 1-0

[Event "1. Erfurter Frauengroßmeisterturnier"]
[Site "Erfurt"]
[Date "2010.07.03"]
[Round "3.3"]
[White "Boric, Elena"]
[Black "Endress, Anna"]
[Result "1-0"]
[WhiteElo "2261"]
[BlackElo "2161"]
[PlyCount "159"]
[EventDate "2010.??.??"]
[BlackTeam "TSV Schott Mainz"]

1. e4 c5 2. Nf3 Nc6 3. d3 d6 4. g3 Nf6 5. Bg2 e6 6. O-O Be7 7. c3 O-O 8. Qe2
Rb8 9. Ne1 e5 10. h3 d5 11. f4 dxe4 12. dxe4 Re8 13. Na3 a6 14. Nc4 Nd7 15.
fxe5 Ndxe5 16. Bf4 Bf6 17. Rd1 Qe7 18. Nb6 Be6 19. Nd5 Bxd5 20. exd5 Na7 21.
Nd3 Rbd8 22. d6 Qe6 23. Nxe5 Bxe5 24. Qxe5 Qxe5 25. Bxe5 Rxe5 26. Bxb7 Nc8 27.
d7 Nb6 28. Bxa6 Rxd7 29. Rxd7 Nxd7 30. Rd1 Nf8 31. Rd8 g6 32. a4 Re1+ 33. Kf2
Ra1 34. Bb5 Kg7 35. Rd2 Ne6 36. h4 Kf6 37. Kf3 g5 38. hxg5+ Nxg5+ 39. Kg4 h6
40. Rf2+ Kg7 41. Kf5 Rd1 42. a5 Rd5+ 43. Kg4 Kg6 44. a6 f5+ 45. Kh4 Rd1 46.
Be8+ Kf6 47. Bc6 Ra1 48. g4 Rxa6 49. Rxf5+ Ke6 50. Bd5+ Kd7 51. Kh5 Rb6 52. b3
Ke7 53. Bc4 Rc6 54. Bb5 Rc8 55. Kxh6 Ne6 56. Bc4 Rh8+ 57. Kg6 Rg8+ 58. Kh7 Rg7+
59. Kh6 Rxg4 60. Re5 Rh4+ 61. Kg6 Rg4+ 62. Kh5 Rxc4 63. bxc4 Kf6 64. Re1 Kf5
65. Kh6 Nf4 66. Kg7 Nd3 67. Rd1 Ke4 68. Kf6 Nb2 69. Rd5 Nxc4 70. Ke6 Nb6 71.
Rxc5 Kd3 72. Rc6 Nc4 73. Kd5 Ne3+ 74. Ke6 Nc4 75. Rc5 Ne3 76. Rc8 Nc4 77. Rc5
Ne3 78. Kd6 Nd1 79. Rd5+ Kc2 80. Rxd1 1-0

[Event "1. Erfurter Frauengroßmeisterturnier"]
[Site "Erfurt"]
[Date "2010.07.03"]
[Round "3.2"]
[White "Sharevich, Anna"]
[Black "Zakurdjaeva, Irina"]
[Result "0-1"]
[WhiteElo "2253"]
[BlackElo "2280"]
[PlyCount "116"]
[EventDate "2010.??.??"]
[WhiteTeam "USV Volksbank Halle e. V."]
[BlackTeam "SC Bad Königshofen 1957"]

1. c4 e6 2. Nf3 d5 3. d4 c6 4. Nc3 Nf6 5. g3 dxc4 6. Bg2 Nbd7 7. O-O Be7 8. a4
O-O 9. Nd2 e5 10. Nxc4 exd4 11. Qxd4 Nc5 12. Qxd8 Rxd8 13. b4 Nb3 14. Rb1 Be6
15. Rxb3 Bxc4 16. Rb1 Nd5 17. Nxd5 cxd5 18. Bf3 Re8 19. Bd2 Bf6 20. Rfe1 Ba2
21. Rbc1 Rac8 22. Bg4 Rc4 23. Bd7 Rd8 24. Bb5 Rcc8 25. Bd3 g6 26. h4 Bb2 27.
Rxc8 Rxc8 28. h5 Bc4 29. h6 f6 30. Kg2 Kf7 31. Kf3 d4 32. Be4 Rc7 33. Rb1 Bc3
34. Bxc3 dxc3 35. Bc2 Re7 36. Bd3 Bxd3 37. exd3 f5 38. Rc1 Rc7 39. Ke3 g5 40.
Rc2 Kg6 41. Kd4 Kxh6 42. Ke5 Kg6 43. Kd6 Rc6+ 44. Kd7 h5 45. b5 Rc5 46. Kd6 b6
47. d4 Rc4 48. Kd5 Rc8 49. Ke6 h4 50. gxh4 gxh4 51. d5 h3 52. f4 Re8+ 53. Kd7
Rh8 54. Ke6 Rh6 55. d6 h2 56. d7 h1=Q 57. d8=Q Qe4+ 58. Kd7 Rh7+ 0-1

[Event "1. Erfurter Frauengroßmeisterturnier"]
[Site "Erfurt"]
[Date "2010.07.03"]
[Round "3.1"]
[White "Jussupow, Ekaterina"]
[Black "Osmanodja, Filiz"]
[Result "1-0"]
[WhiteElo "2174"]
[BlackElo "2061"]
[PlyCount "203"]
[EventDate "2010.??.??"]
[WhiteTeam "SK Krumbach"]
[BlackTeam "USV TU Dresden"]

1. e4 c5 2. Nf3 d6 3. d4 cxd4 4. Nxd4 Nf6 5. Nc3 a6 6. h3 e6 7. g4 Be7 8. Bg2
Nc6 9. Be3 Rb8 10. a4 O-O 11. O-O Qc7 12. Qe2 Na5 13. Rfd1 b6 14. Qd3 Bb7 15.
Nde2 Nc4 16. Bc1 Rbd8 17. b3 Ne5 18. Qg3 Ned7 19. g5 Ne8 20. Bb2 Qc5 21. h4 e5
22. Ba3 Qc7 23. Qg4 g6 24. Rac1 Ng7 25. Nd5 Bxd5 26. Rxd5 f5 27. exf5 Rxf5 28.
Be4 Rf7 29. Rd3 Kh8 30. Rc3 Qb8 31. Rc6 Nc5 32. Bd5 Rf5 33. Rd1 Rdf8 34. f3 a5
35. Bc1 Rd8 36. Ng3 Rff8 37. b4 axb4 38. Qxb4 Qa7 39. Be3 Rb8 40. Ra1 Nf5 41.
Nxf5 Rxf5 42. Kg2 Bf8 $11 43. h5 gxh5 44. Qh4 Qg7 45. Kf2 Be7 46. Rg1 Rbf8 47.
c3 e4 48. Bd4 Nd3+ 49. Ke2 Ne5 50. Bxe4 Rxg5 51. Rxg5 Bxg5 52. Qxh5 Be7 53. Qh3
Rg8 54. Rc8 Bf6 55. f4 Ng4 56. Rxg8+ Qxg8 57. Bxh7 Qxh7 58. Qxg4 Qc2+ 59. Ke3
Bxd4+ 60. cxd4 Qb3+ 61. Ke4 Qxa4 62. Qc8+ Kg7 63. Qc7+ Kg8 64. Qxb6 Qc2+ 65.
Kd5 Qf5+ 66. Kxd6 Qxf4+ 67. Kc6 Qf6+ 68. Kb5 Qf5+ 69. Qc5 Qb1+ 70. Kc6 Qg6+ 71.
Kd7 Qg4+ 72. Kc6 Qe6+ 73. Kb7 Qd7+ 74. Kb8 Qa4 75. d5 Qb3+ 76. Kc7 Kf7 77. d6
Ke6 78. Qc6 Qg3 79. Qe4+ Kf7 80. Qe7+ Kg6 81. Kd8 Qa3 82. Qe4+ Kf7 83. Qe7+ Kg6
84. Qe6+ Kg7 85. d7 Qa8+ 86. Ke7 Qa3+ 87. Qd6 Qe3+ 88. Kd8 Kf7 89. Kc8 Qc3+ 90.
Qc7 Qh3 91. Qf4+ Kg8 92. Qe5 Qg4 93. Kc7 Qc4+ 94. Kd8 Qh4+ 95. Ke8 Qa4 96. Qg5+
Kh7 97. Qh5+ Kg7 98. Qf7+ Kh8 99. Qf5 Kg7 100. Qe6 Kh8 101. Kf7 Kh7 102. Qg6+
1-0

[Event "1. Erfurter Frauengroßmeisterturnier"]
[Site "Erfurt"]
[Date "2010.07.03"]
[Round "9.4"]
[White "Troyke, Doreen"]
[Black "Jussupow, Ekaterina"]
[Result "1/2-1/2"]
[WhiteElo "2087"]
[BlackElo "2174"]
[PlyCount "44"]
[EventDate "2010.??.??"]
[WhiteTeam "Erfurter Schachklub"]
[BlackTeam "SK Krumbach"]

1. Nf3 Nf6 2. g3 d5 3. Bg2 Bg4 4. O-O Nbd7 5. d4 e6 6. c4 Be7 7. Nc3 O-O 8. Ne5
Nxe5 9. dxe5 Nd7 10. cxd5 Nxe5 11. dxe6 fxe6 12. Qxd8 Raxd8 13. Bxb7 Rb8 14.
Bg2 Nc4 15. a3 Bf5 16. e4 Bg6 17. Rb1 Bf6 18. Na4 Nxa3 19. Ra1 Nc2 20. Rb1 Na3
21. Ra1 Nc2 22. Rb1 Na3 1/2-1/2

[Event "1. Erfurter Frauengroßmeisterturnier"]
[Site "Erfurt"]
[Date "2010.07.03"]
[Round "9.1"]
[White "Dworakowska, Joanna"]
[Black "Osmanodja, Filiz"]
[Result "1-0"]
[WhiteElo "2338"]
[BlackElo "2061"]
[PlyCount "55"]
[EventDate "2010.??.??"]
[BlackTeam "USV TU Dresden"]

1. d4 d5 2. c4 dxc4 3. Nf3 Nf6 4. e3 Bg4 5. Bxc4 e6 6. Qb3 Bxf3 7. gxf3 Qc8 8.
Rg1 a6 9. a4 Nc6 10. Bd2 g6 11. Bc3 Bg7 12. Nd2 O-O 13. Rc1 Qd7 14. f4 Rab8 15.
Be2 Rfc8 16. h4 h5 17. f5 exf5 18. Rxg6 Kh7 19. Rg2 Ng4 20. Nf3 f6 21. Bd3 Kh8
22. Bd2 Re8 23. Rc5 Ne7 24. Qf7 Qxa4 25. Rxc7 Qa1+ 26. Ke2 Qxb2 27. Rxg4 hxg4
28. Qh5+ 1-0

[Event "1. Erfurter Frauengroßmeisterturnier"]
[Site "Erfurt"]
[Date "2010.07.03"]
[Round "9.2"]
[White "Levushkina, Elena"]
[Black "Boric, Elena"]
[Result "1-0"]
[WhiteElo "2345"]
[BlackElo "2261"]
[PlyCount "69"]
[EventDate "2010.??.??"]
[WhiteTeam "SC Tarrasch 45 München"]

1. e4 d5 2. exd5 Qxd5 3. Nc3 Qd6 4. d4 Nf6 5. Nf3 a6 6. g3 Bg4 7. Bg2 Nc6 8.
O-O e6 9. Bf4 Qd7 10. h3 Bxf3 11. Qxf3 O-O-O 12. Rad1 Nd5 13. Nxd5 exd5 14. c4
Ne7 15. Rc1 Ng6 16. Be3 Kb8 17. Qxd5 Qxd5 18. Bxd5 f6 19. Rc3 c6 20. Bg2 Bd6
21. Rd1 Ne7 22. Rb3 Ka8 23. Bd2 Bc7 24. Bb4 Rhe8 25. Bc5 Rc8 26. d5 cxd5 27.
cxd5 Be5 28. Ba3 Rcd8 29. d6 Nc6 30. Bxc6 bxc6 31. f4 Bxd6 32. Rxd6 Rxd6 33.
Bxd6 Rd8 34. Bc5 Rd5 35. Bf2 1-0

[Event "1. Erfurter Frauengroßmeisterturnier"]
[Site "Erfurt"]
[Date "2010.07.10"]
[Round "9.5"]
[White "Endress, Anna"]
[Black "Zakurdjaeva, Irina"]
[Result "0-1"]
[WhiteElo "2161"]
[BlackElo "2280"]
[PlyCount "108"]
[EventDate "2010.??.??"]
[WhiteTeam "TSV Schott Mainz"]
[BlackTeam "SC Bad Königshofen 1957"]

1. e4 e5 2. Nf3 Nc6 3. Bc4 Bc5 4. c3 Nf6 5. d3 d6 6. Bb3 a6 7. O-O O-O 8. Nbd2
Ba7 9. h3 h6 10. Re1 Nh5 11. Nf1 Qf6 12. Ne3 Nf4 13. Ng4 Qg6 14. Bxf4 exf4 15.
Nh4 Qg5 16. Nf5 Bxf5 17. exf5 Qxf5 18. Qf3 Rae8 19. d4 Nd8 20. Ne3 Qg5 21. Nd5
c6 22. Nxf4 d5 23. Nd3 Bb8 24. Re2 Re6 25. Rae1 Rfe8 26. Kf1 g6 27. Bc2 Kg7 28.
Qg4 Qf6 29. Rxe6 Rxe6 30. Rxe6 Nxe6 31. b4 h5 32. Qf3 Qg5 33. Qe3 Bf4 34. Nxf4
Nxf4 35. Qe5+ Qxe5 36. dxe5 h4 37. f3 Kf8 38. Kf2 Ke7 39. Bd1 Ke6 40. g3 hxg3+
41. Kxg3 Kxe5 42. h4 b6 43. Kf2 c5 44. bxc5 bxc5 45. Ba4 d4 46. cxd4+ Kxd4 47.
Be8 c4 48. Ke1 c3 49. Kd1 Kd3 50. Ba4 Ng2 51. Bc2+ Kd4 52. Bb3 f5 53. Ke2 Nxh4
54. f4 Ng2 0-1

[Event "1. Erfurter Frauengroßmeisterturnier"]
[Site "Erfurt"]
[Date "2010.07.10"]
[Round "9.3"]
[White "Michna, Marta"]
[Black "Sharevich, Anna"]
[Result "1-0"]
[WhiteElo "2393"]
[BlackElo "2253"]
[PlyCount "119"]
[EventDate "2010.??.??"]
[WhiteTeam "SK Norderstedt von 1975"]
[BlackTeam "USV Volksbank Halle e. V."]

1. b3 c5 2. Bb2 b6 3. f4 Bb7 4. e3 e6 5. Nf3 f6 6. g3 Nh6 7. Bg2 Be7 8. Qe2 O-O
9. d3 d5 10. Nbd2 Nc6 11. O-O a5 12. a4 Ra7 13. Rae1 Ba6 14. Nb1 Nf7 15. e4 Nb4
16. Na3 d4 17. Bh3 Bc8 18. Nd2 e5 19. Bxc8 Qxc8 20. Ndc4 Rb7 21. fxe5 fxe5 22.
Nb5 Qe6 23. Bc1 Na2 24. Bd2 Nb4 25. Nba3 Rbb8 26. Rf2 Ng5 27. Bxg5 Bxg5 28.
Ref1 Rxf2 29. Rxf2 g6 30. Nb5 Be7 31. Kg2 h5 32. h4 Rb7 33. Qf3 Nc6 34. Qe2 Nd8
35. Qf1 Kg7 36. Kh2 Nc6 37. Qh3 Qg4 38. Qxg4 hxg4 39. Kg2 Bf8 40. h5 Be7 41.
hxg6 Kxg6 42. Rf5 Bf6 43. Ncd6 Rb8 44. Nc4 Bg7 45. Nc7 Nb4 46. Rf2 Rb7 47. Nd5
Nc6 48. Ncxb6 Nd8 49. Nc8 Ne6 50. Nce7+ Kh6 51. Nc6 Ng5 52. Nxa5 Rb8 53. Nc6
Ra8 54. Nce7 c4 55. Nb6 Ra7 56. Nf5+ Kg6 57. Nxc4 Bf6 58. Nh4+ Kg7 59. Nf5+ Kg6
60. Rf1 1-0